أسرار الأرقام في حياة الإنسان / (Record no. 110745)

MARC details
000 -LEADER
fixed length control field 00526nam a22001817a 4500
005 - DATE AND TIME OF LATEST TRANSACTION
control field 20251108173722.0
008 - FIXED-LENGTH DATA ELEMENTS--GENERAL INFORMATION
fixed length control field 250721s2008 xx 000 0 ara d
082 14 - DEWEY DECIMAL CLASSIFICATION NUMBER
Classification number 133.5/رب
100 1# - MAIN ENTRY--PERSONAL NAME
Personal name ابو الرب، أحمد محمود
245 10 - TITLE STATEMENT
Title أسرار الأرقام في حياة الإنسان /
250 ## - EDITION STATEMENT
Edition statement ط.5 مزيدة و منقحة
264 1# - PRODUCTION, PUBLICATION, DISTRIBUTION, MANUFACTURE, AND COPYRIGHT NOTICE
Place of production, publication, distribution, manufacture اربد :
Name of producer, publisher, distributor, manufacturer أبو الرب،
Date of production, publication, distribution, manufacture, or copyright notice 2008.
300 ## - PHYSICAL DESCRIPTION
Extent 313 ص.
650 17 - SUBJECT ADDED ENTRY--TOPICAL TERM
Topical term or geographic name as entry element الابراج
650 17 - SUBJECT ADDED ENTRY--TOPICAL TERM
Topical term or geographic name as entry element التنجيم
942 ## - ADDED ENTRY ELEMENTS (KOHA)
Source of classification or shelving scheme Dewey Decimal Classification
Koha item type Books
Holdings
حالة السحب حالة الفقدان مصدر التصنيف حالة التلف غير قابل للإعارة المكتبة الرئيسية المكتبة الحالية موقع الرف تاريخ التزويد الرقم المتسلسل Total Checkouts رقم الإستدعاء الباركود تاريخ آخر ظهور تاريخ الفاتورة نوع المادة (كوها)
    Dewey Decimal Classification     المكتبة المركزية المكتبة المركزية مقتنيات قسم التزويد 28/07/2025 1154089   133.5/رب 1154089 28/07/2025 28/07/2025 Books
    Dewey Decimal Classification     المكتبة المركزية المكتبة المركزية مقتنيات قسم التزويد 28/07/2025 1154090   133.5/رب 1154090 28/07/2025 28/07/2025 Books
    Dewey Decimal Classification     مكتبة أبو علندا العامة مكتبة أبو علندا العامة الإعارة 11/05/2008 1154100   133.5/رب PLD00008858 28/07/2025 11/05/2008 Books
    Dewey Decimal Classification     مكتبة أم قصير والمقابلين العامة مكتبة أم قصير والمقابلين العامة الإعارة 11/05/2008 1154099   133.5/رب PLD00008857 28/07/2025 11/05/2008 Books
    Dewey Decimal Classification     مكتبة الأميرة ايمان العامة مكتبة الأميرة ايمان العامة الإعارة 11/05/2008 1154091   133.5/رب PLD00008849 28/07/2025 11/05/2008 Books
    Dewey Decimal Classification     مكتبة الاميرة بديعة مكتبة الاميرة بديعة الإعارة 11/05/2008 1154094   133.5/رب PLD00008852 28/07/2025 11/05/2008 Books
    Dewey Decimal Classification     مكتبة الجويدة مكتبة الجويدة الإعارة 11/05/2008 1154095   133.5/رب PLD00008853 28/07/2025 11/05/2008 Books
    Dewey Decimal Classification     مكتبة الحسن العامة مكتبة الحسن العامة الإعارة 11/05/2008 1154096   133.5/رب PLD00008854 28/07/2025 11/05/2008 Books
    Dewey Decimal Classification     مكتبة النصر العامة مكتبة النصر العامة الإعارة 11/05/2008 1154102   133.5/رب PLD00008860 28/07/2025 11/05/2008 Books
    Dewey Decimal Classification     مكتبة حمزة العامة مكتبة حمزة العامة الإعارة 11/05/2008 1154097   133.5/رب PLD00008855 28/07/2025 11/05/2008 Books
    Dewey Decimal Classification     مكتبة صويلح العامة مكتبة صويلح العامة الإعارة 11/05/2008 1154092   133.5/رب PLD00008850 28/07/2025 11/05/2008 Books
    Dewey Decimal Classification     مكتبة وادي السير العامة مكتبة وادي السير العامة الإعارة 11/05/2008 1154101   133.5/رب PLD00008859 28/07/2025 11/05/2008 Books
Implemented & Customized by: BBB with SCIT (Smart Chains for Information Technology)

Powered by Koha